Innovative Horizons in MICE Tourism The impact of technology and Sustainability

Bibliográfiai részletek
Szerző: Ormai Ágost Pál
További közreműködők: Boros Dr. Kitti
Dokumentumtípus: Diplomadolgozat
Kulcsszavak:future
MICE
sustainability
technology
trend
Online Access:http://dolgozattar.uni-bge.hu/59833

MARC

LEADER 00000nta a2200000 i 4500
001 dolg59833
005 20260409145627.0
008 260409suuuu hu om 000 eng d
040 |a BGE Dolgozattár Repozitórium  |b hun 
041 |a en 
100 1 |a Ormai Ágost Pál 
245 1 0 |a Innovative Horizons in MICE Tourism  |b The impact of technology and Sustainability  |c Ormai Ágost Pál  |h [elektronikus dokumentum] 
520 3 |a Today, tourism is growing at an unprecedented rate. One of the most important sectors of tourism is the MICE segment. This market is very broad and covers a wide variety of events. It employs many people, both as participants and as organisers. In my thesis, I seek to answer the question of how sustainability and the opportunities offered by rapid technological development are changing the business tourism industry. How artificial intelligence, created by the possibilities offered by technology, will change this profession, how it can be integrated in this sector and what tasks it can perform. I have prepared 4 interviews with different professionals to get an even clearer picture of how sustainability and new technological tools will change MICE tourism. The literature review and the answers of my interviewees allow me to compare similarities and differences, so that I can provide a more accurate picture of the current situation. 
695 |a future 
695 |a MICE 
695 |a sustainability 
695 |a technology 
695 |a trend 
700 1 |a Boros Dr. Kitti  |e ths 
856 4 0 |u http://dolgozattar.uni-bge.hu/59833/1/Dissertation-Ormai%20%C3%81gost.pdf  |z Dokumentum-elérés 
856 4 0 |u http://dolgozattar.uni-bge.hu/59833/2/%C3%81gost%20P%C3%A1l%20Ormai_Consulent_Kitti%20Boros.pdf  |z Dokumentum-elérés 
856 4 0 |u http://dolgozattar.uni-bge.hu/59833/3/Ormai%20%C3%81goston%20Bsc%20EN%20Consulent%20Karsai%20%C3%81rp%C3%A1d.pdf  |z Dokumentum-elérés